Geografía Mundial en un Mapa #2 - Estadísticas

Estadísticas generales
  • Esta prueba ha sido intentada 3.517 veces
  • La puntuación promedio es 14 de 25
Respuestas en el mapa
Las respuestas están codificadas por una escala verde-roja en el mapa de la prueba según el % correcto abajo.
 
Estadísticas de respuestas
Tipo Respuesta % Correcto
Desierto Sahara
97%
Ciudad Barcelona
89%
País Yemen
89%
Ciudad Buenos Aires
87%
País Estonia
87%
País República Checa
86%
Ciudad Nueva York
84%
País Belice
74%
Isla Groenlandia
74%
País Uganda
73%
Montaña Everest
68%
Desierto Gobi
63%
Isla Sicilia
60%
Isla Española
54%
Ciudad Melbourne
52%
Montaña Blanc
50%
Ciudad Calcuta
42%
Isla Sumatra
40%
Desierto Kalahari
37%
Isla Honshu
24%
Montaña Elbrús
23%
Montaña Denali
22%
Desierto Mojave
17%
Montaña Mesa
10%
Desierto Gran Desierto Arenoso
9%
No se encontraron pruebas coincidentes
Distribución de puntuación
Porcentaje de gente con cada puntuación
Porcentaje por número respondido
Historial de tus puntuaciones
No has intentado esta prueba.